000
nam a22 7a 4500
999
_c
47128
_d
47128
003
OSt
005
20190503114920.0
008
190503b xxu||||| |||| 00| 0 eng d
040
_c
sero soft
100
_a
singh,surender
245
_a
vidhayalya prabandh evem niojan
260
_a
jaipur,
_b
swati
300
_a
152
942
_2
ddc
_c
01